| 000 | 00509nam a2200169 4500 | ||
|---|---|---|---|
| 001 | 112724 | ||
| 003 | ES-MaACL | ||
| 005 | 20230906185615.0 | ||
| 007 | t| | ||
| 008 | 061121s1962 sp r ||||1| spa d | ||
| 100 | 1 |
_aMurciego, León. _984561 |
|
| 245 | 1 | 0 |
_aPoesías humanísticas y filosófico-teológicas (a lo clásico) / _cLeón Murciego. |
| 250 | _a1 ª ed. | ||
| 260 |
_aZaragoza : _b[s.n.], _c1962 ( _fImp. Librería General) |
||
| 300 |
_a183 p. ; _c16 cm. |
||
| 852 |
_aES-MaACL _jC-21507 _bR.49930 |
||
| 999 |
_c112724 _d112724 |
||